书目信息 |
| 题名: |
韩国物权法专题研究
|
|
| 作者: | 崔吉子 著 | |
| 分册: | ||
| 出版信息: | 北京 北京大学出版社 2013 |
|
| 页数: | 276页 | |
| 开本: | 23cm | |
| 丛书名: | ||
| 单 册: | ||
| 中图分类: | D931.263.2 | |
| 科图分类: | ||
| 主题词: | 物权法--研究--韩国 , 物权法 | |
| 电子资源: | ||
| ISBN: | 978-7-301-22380-2 | |
| 000 | 01265nam0 2200253 450 | |
| 001 | 523 | |
| 005 | 20140908110344.04 | |
| 010 | @a978-7-301-22380-2@dCNY35.00 | |
| 100 | @a20130702d2013 em y0chiy50 ea | |
| 101 | 0 | @achi |
| 102 | @aCN@b110000 | |
| 105 | @ay z 000yy | |
| 106 | @ar | |
| 200 | 1 | @a韩国物权法专题研究@AHan Guo Wu Quan Fa Zhuan Ti Yan Jiu@f崔吉子著@FCui Ji Zi Zhu |
| 210 | @a北京@c北京大学出版社@d2013 | |
| 215 | @a276页@d23cm | |
| 300 | @a国家重点学科华东政法大学法律史学科建设项目 上海市人文社科建设基地华东政法大学外国法与比较法研究院建设项目 | |
| 330 | @a本书由两大篇组成,即物权总则篇与分则篇。物权总则篇以贯穿整个物权最为核心的内容——物权变动为中心,先后介绍了韩国学者对于物权行为概念的解读、基于法律行为而发生的不动产物权变动的效力、登记在物权变动中的作用等;物权分则篇重点介绍与中国特有的典权制度颇为相似的传贳权制度。此外,为使读者更为全面地了解韩国物权法,本书开篇即对韩国民法典中的总则篇与物权篇的主要内容做了介绍,并于附录部分附加相关法律规定,如《韩国民法典--物权篇》、《韩国不动产登记法》、《关于不动产实权利人名义登记的法律》。 | |
| 606 | 0 | @a物权法@x研究@y韩国 |
| 606 | 0 | @a物权法 |
| 690 | @aD931.263.2@v5 | |
| 701 | 0 | @a崔吉子@ACui Ji Zi@4著 |
| 801 | 0 | @aCN@bTANGWEI@c20140603 |
| 905 | @b0840569-71@dD931.263.2@e82@f3 | |
| 韩国物权法专题研究/崔吉子著.-北京:北京大学出版社,2013 |
| 276页;23cm |
| 国家重点学科华东政法大学法律史学科建设项目 上海市人文社科建设基地华东政法大学外国法与比较法研究院建设项目 |
| ISBN 978-7-301-22380-2:CNY35.00 |
| 本书由两大篇组成,即物权总则篇与分则篇。物权总则篇以贯穿整个物权最为核心的内容——物权变动为中心,先后介绍了韩国学者对于物权行为概念的解读、基于法律行为而发生的不动产物权变动的效力、登记在物权变动中的作用等;物权分则篇重点介绍与中国特有的典权制度颇为相似的传贳权制度。此外,为使读者更为全面地了解韩国物权法,本书开篇即对韩国民法典中的总则篇与物权篇的主要内容做了介绍,并于附录部分附加相关法律规定,如《韩国民法典--物权篇》、《韩国不动产登记法》、《关于不动产实权利人名义登记的法律》。 |
| ● |
| 相关链接 |
|
|
|
|
正题名:韩国物权法专题研究
索取号:D931.263.2/82
 
预约/预借
| 序号 | 登录号 | 条形码 | 馆藏地/架位号 | 状态 | 备注 |
| 1 | 0840569 | 208405698 | 第一样本阅览室/ [索取号:D931.263.2/82] | 在馆 | |
| 2 | 0840570 | 208405705 | 密集书库-史法系/ [索取号:D931.263.2/82] | 在馆 | |
| 3 | 0840571 | 208405714 | 第一借阅区/ [索取号:D931.263.2/82] | 在馆 |